Recopilación de decretos con fuerza de ley 1930. Dictados en virtud de las facultades otorgadas al Ejecutivo por la Ley número 4.795 de 24 de Enero de 1930

Uloženo v:
Podrobná bibliografie
Korporativní autor: Ministerio del Interior (Autor)
Médium: Kniha
Jazyk:španělština
Vydáno: Santiago La Nación 1932
Témata:
Tagy: Přidat tag
Žádné tagy, Buďte první, kdo vytvoří štítek k tomuto záznamu!

MARC

LEADER 00000nam a2200000 a 4500
001 UCR0906
003 CL-VaPUC
008 971205e19320000CL |||||||||||||||||spa|d
082 0 4 |a 348.022  |b MIN  |2 21 
110 2 |a Ministerio del Interior  |e author  |9 397494 
245 1 0 |a Recopilación de decretos con fuerza de ley 1930. Dictados en virtud de las facultades otorgadas al Ejecutivo por la Ley número 4.795 de 24 de Enero de 1930 
300 |a 372 p 
942 |c BK 
945 |d 19971205 00:00:00  |a lriquelm 
260 |a Santiago  |b La Nación  |c 1932 
500 |a Donación profesor Fernando Recio Olguín 
650 7 |a LEGISLACION  |2 CL-VaPUC  |9 397495 
650 7 |a FUENTES  |2 CL-VaPUC  |9 255666 
650 7 |a DERECHO CHILENO  |2 CL-VaPUC  |9 397496 
650 7 |a DECRETO CON FUERZA DE LEY  |2 CL-VaPUC  |9 358086 
651 7 |a CHILE  |2 CL-VaPUC  |9 397497 
583 |a last modification  |c 19971205 00:00:00  |k Rodrigo Vera 
999 |c 264404  |d 264402 
952 |0 0  |1 0  |4 0  |6 348_022000000000000_MIN_1932  |7 0  |8 F  |9 294651  |a BIBDER  |b BIBDER  |d 2019-11-19  |i 1917838  |o 348.022 MIN 1932  |p 1917838  |r 2023-01-25  |w 2019-11-19  |y BK_F  |k DER 
952 |0 0  |1 0  |4 0  |6 348_022000000000000_MIN_1932  |7 0  |8 X  |9 294652  |a BIBHIS  |b BIBHIS  |d 2019-11-19  |i 2129493  |o 348.022 MIN 1932  |p 2129493  |r 2024-01-30  |w 2019-11-19  |y BK_X  |k HIS